Culture Générale - Série 489 - Statistiques

Statistiques générales
  • Ce quiz a été pris 157 fois
  • Le résultat moyen est 4 sur 10
Statistiques - réponses
Question Réponse % Correct
De quel pays d'Europe le chien appelé doberman est‐il originaire ? Allemagne
88%
Quel fauve au pelage tacheté est appelé léopard en Afrique ? panthère
62%
De quelle ville le chanoine Félix Kir a‐t‐il été maire ? Dijon
41%
En 1989, quel chanteur devient le maire de la commune de Précy‐sur‐Marne ? Yves Duteil
34%
En 2004, dans quelle commune Noël Mamère célèbre‐t‐il un mariage homosexuel ? Bègles
29%
Qui a réalisé la trilogie "Retour vers le futur" ? Robert Zemeckis
28%
Quel écrivain et maire de Milly a été candidat à la présidence de la République française en 1848 ? Lamartine
25%
Quel homme politique a été maire de Marseille entre 1953 et 1986 ? Gaston Defferre
23%
De quelle ville François Mitterrand a‐t‐il été maire durant 22 ans ? Château‐Chinon
19%
Qui joue Marius au cinéma dans la trilogie marseillaise adaptée de Pagnol à partir de 1931 ? Pierre Fresnay
13%
Aucun quiz correspondant
Distribution des résultats
% des personnes avec chaque résultat
Percentile par nombre de réponses
Votre historique - résultats
Vous n’avez pas pris ce quiz